Crear y creer lo posible: educación en Chile hoy, 2007

Gardado en:
Detalles Bibliográficos
Autor Principal: Arnaiz T., José María (Author)
Formato: Libro
Idioma:Lingua castelá
Publicado: Santiago SM 2008
Edición:1a. ed
Series:Posible, otro Chile
Subjects:
Tags: Engadir etiqueta
Sen Etiquetas, Sexa o primeiro en etiquetar este rexistro!

MARC

LEADER 00000nam a2200000 a 4500
001 UCI8093
003 CL-VaPUC
005 20220315074420.0
008 080807e20080000cl 1 spa d
020 |a 9789562645287 
082 0 4 |a 303.4  |b ARN  |2 21 
100 1 |a Arnaiz T., José María  |e author  |9 609625 
245 1 0 |a Crear y creer lo posible: educación en Chile hoy, 2007 
250 |a 1a. ed 
260 |a Santiago  |b SM  |c 2008 
300 |a 131 p 
490 0 |a Posible, otro Chile 
583 |a last modification  |c 20190828 11:08:34  |k Rodrigo Vera 
650 0 0 |a Interacción social   |9 307764 
650 0 0 |a Desarrollo social  |9 264534 
650 0 0 |a Educación  |9 258661 
650 0 0 |a Cultura  |9 269059 
650 0 0 |a Congresos  |9 257560 
942 |c BK 
945 |a rbrito  |d 20080807 00:00:00 
546 |a En Español 
536 |a Universidad Diego Portales 
518 |p Simposio Posible otro Chile, 1, Santiago, 2007 
999 |c 384381  |d 384379 
952 |0 0  |1 0  |4 0  |6 303_400000000000000_ARN_2008  |7 0  |8 A  |9 507051  |a BIBEDU  |b BIBEDU  |d 2020-01-23  |i 4469909  |o 303.4 ARN 2008  |p 4469909  |r 2020-01-23  |w 2020-01-23  |y BK  |k EBA